LEADER 06288nam 22005771c 450 001 9910461580003321 005 20200115203623.0 010 $a1-4725-4985-6 010 $a1-283-19345-0 010 $a9786613193452 010 $a0-567-11987-4 024 7 $a10.5040/9781472549853 035 $a(CKB)2670000000106662 035 $a(EBL)742671 035 $a(OCoLC)745866119 035 $a(SSID)ssj0000523634 035 $a(PQKBManifestationID)12210087 035 $a(PQKBTitleCode)TC0000523634 035 $a(PQKBWorkID)10543311 035 $a(PQKB)10691385 035 $a(MiAaPQ)EBC742671 035 $a(OCoLC)747037931 035 $a(UtOrBLW)bpp09256974 035 $a(EXLCZ)992670000000106662 100 $a20140929d2004 uy 0 101 0 $aeng 135 $aur|n|---||||| 181 $ctxt 182 $cc 183 $acr 200 10$aJesus ascended $ethe meaning of Christ's continuing incarnation $fGerrit Scott Dawson 210 1$aPhillipsburg, N.J. $cP & R Pub. $aLondon $aNew York $cT & T Clark $d2004. 215 $a1 online resource (270 p.) 300 $aDescription based upon print version of record. 311 $a0-567-08221-0 320 $aIncludes bibliographical references (pages [241]-249) and index 327 $apt. I. Why recover the ascension? -- pt. II. Toward a concise theology of the ascension -- pt. III. The present implications of Jesus ascended 330 $a"The book presents the Ascension as public truth, examining questions such as when did Jesus ascend - and how, where did he go, with what kind of body and into what kind of space? It discusses the nature of Jesus' victory, how it has been challenged, how it has been understood at different times in history, and how it relates to his second coming. The author examines the relevance of the doctrine for personal spiritual life: our union with Christ, Jesus praying for us, worship, and our own prayers. He goes on to consider living in God's kingdom, the tension between waiting for the kingdom and working for it now, suffering, humanisation, and the church and the world today. The book approaches the Ascension thematically, making it a useful teaching tool. Its themes arise from the categories in which the Church Fathers employed the doctrine. Gerrit Dawson shows the Ascension to be a vital key to understanding in a fresh way the person and work of Christ, union with Christ, the mission of the church in the world, Christian identity and spiritual theology. A unique feature of the book is the way Dawson combines a full presentation of Nicene trinitarian Christology with its application to the practicalities of Christian life today. Praise for Jesus Ascended: 'Gerrit Dawson harkens back to an older vision of ministry, that of the pastor-theologian. This vision is remarkably illustrated in this beautifully written book that can properly lay claim to being practical theology ... Very highly recommended for both pastors and theologians who want to have a faith grounded in the continuing reality of the incarnation in the ascension of Jesus.' Andrew Purves, Princeton Theological Seminary 'This is a truly outstanding book for students, pastors and thinking Christians alike. I could not recommend it more enthusiastically!' Alan Torrance, St Andrew's University, UK 'A yawning gulf often appears between the interests of preacher and scholar, of pastor and theologian. Serious attempts to bridge that gulf are too few. This book is one of them. It brings to life the voice of the Fathers on the subject of the ascension of Jesus, and calls the church back to the roots of its faith.' Douglas Farrow, McGill University, Canada."--Bloomsbury Publishing 330 8 $aThe book presents the Ascension as public truth, examining questions such as when did Jesus ascend - and how, where did he go, with what kind of body and into what kind of space? It discusses the nature of Jesus' victory, how it has been challenged, how it has been understood at different times in history, and how it relates to his second coming. The author examines the relevance of the doctrine for personal spiritual life: our union with Christ, Jesus praying for us, worship, and our own prayers. He goes on to consider living in God's kingdom, the tension between waiting for the kingdom and working for it now, suffering, humanisation, and the church and the world today. The book approaches the Ascension thematically, making it a useful teaching tool. Its themes arise from the categories in which the Church Fathers employed the doctrine. Gerrit Dawson shows the Ascension to be a vital key to understanding in a fresh way the person and work of Christ, union with Christ, the mission of the church in the world, Christian identity and spiritual theology. A unique feature of the book is the way Dawson combines a full presentation of Nicene trinitarian Christology with its application to the practicalities of Christian life today. Praise for Jesus Ascended: 'Gerrit Dawson harkens back to an older vision of ministry, that of the pastor-theologian. This vision is remarkably illustrated in this beautifully written book that can properly lay claim to being practical theology.. Very highly recommended for both pastors and theologians who want to have a faith grounded in the continuing reality of the incarnation in the ascension of Jesus.' Andrew Purves, Princeton Theological Seminary 'This is a truly outstanding book for students, pastors and thinking Christians alike. I could not recommend it more enthusiastically!' Alan Torrance, St Andrew's University, UK 'A yawning gulf often appears between the interests of preacher and scholar, of pastor and theologian. Serious attempts to bridge that gulf are too few. This book is one of them. It brings to life the voice of the Fathers on the subject of the ascension of Jesus, and calls the church back to the roots of its faith.' Douglas Farrow, McGill University, Canada 606 $aIncarnation 606 $2Theology 615 0$aIncarnation. 676 $a232.9/7 700 $aDawson$b Gerrit Scott$0920289 801 0$bUtOrBLW 801 1$bUtOrBLW 801 2$bUkLoBP 906 $aBOOK 912 $a9910461580003321 996 $aJesus ascended$92064191 997 $aUNINA LEADER 03579nam 2200685Ia 450 001 9910959997203321 005 20251116175525.0 010 $a1-134-93362-2 010 $a1-280-21774-X 010 $a9786610217748 010 $a1-134-93363-0 010 $a0-203-97668-1 024 7 $a10.4324/9780203976685 035 $a(CKB)1000000000249677 035 $a(EBL)1020199 035 $a(OCoLC)811504438 035 $a(SSID)ssj0000148758 035 $a(PQKBManifestationID)11136643 035 $a(PQKBTitleCode)TC0000148758 035 $a(PQKBWorkID)10235880 035 $a(PQKB)11388000 035 $a(MiAaPQ)EBC1020199 035 $a(Au-PeEL)EBL1020199 035 $a(CaPaEBR)ebr10598529 035 $a(CaONFJC)MIL21774 035 $a(OCoLC)252721517 035 $a(FINmELB)ELB132691 035 $a(EXLCZ)991000000000249677 100 $a19930210d1993 uy 0 101 0 $aeng 135 $aur|n|---||||| 181 $ctxt 182 $cc 183 $acr 200 10$aEpistemic logic in the later Middle Ages /$fIvan Boh 210 $aLondon ;$aNew York $cRoutledge$d1993 210 1$aLondon ;$aNew York :$cRoutledge,$d1993. 215 $a1 online resource (201 p.) 225 0 $aTopics in medieval philosophy 300 $aDescription based upon print version of record. 311 08$a1-138-00924-5 311 08$a0-415-05726-4 320 $aIncludes bibliographical references (p. [168]-180) and index. 327 $aFront Cover; Epistemic Logic in the Later Middle Ages; Copyright Page; Contents; Introduction; Acknowledgements; Part I: On logical activities from Anselm to Thomas Aquinas; 1. On some logical developments in the eleventh and twelfth centuries; 2. The thirteenth-century summulists; 3. Some epistemic elements in Grosseteste, Albert the Great,and Thomas Aquinas; Part II: Formative period of epistemic logic, 1300-80; 4. Elements of epistemic logic in Walter Burley; 5. William of Ockham's epistemic concerns; 6. The seminal period of epistemic logic: Kilvington, Heytesbury 327 $a7. Epistemic/doxastic problems at ParisPart III: Consolidation and further development of epistemic logic, 1380-1500; 8. Ralph Strode and rules of epistemic consequences; 9. The end of the fourteenth century: Peter of Mantua; 10. Epistemic definition of consequence around 1500: Frachantianus Vicentinus; Epilogue: A summary and an assessment of medieval achievements in epistemic logic; Abbreviations used in Notes and Bibliography; Notes; Bibliography; Index 330 $aEpistemic Logic studies statements containing verbs such as 'know' and 'wish'. It is one of the most exciting areas in medieval philosophy. Neglected almost entirely after the end of the Middle Ages, it has been rediscovered by philosophers of the present century. This is the first comprehensive study of the subject. Ivan Boh explores the rules for entailment between epistemic statements, the search for the conditions of knowing contingent propositions, the problems of substitutivity in intentional contexts, the relationship between epistemic and modal logic, and the problems of compo 410 0$aTopics in Medieval Philosophy 606 $aEpistemics$xHistory 606 $aLogic, Medieval 615 0$aEpistemics$xHistory. 615 0$aLogic, Medieval. 676 $a121 700 $aBoh$b Ivan$f1930-$01878084 801 0$bMiAaPQ 801 1$bMiAaPQ 801 2$bMiAaPQ 906 $aBOOK 912 $a9910959997203321 996 $aEpistemic logic in the later Middle Ages$94490596 997 $aUNINA